Kaz Bałagane - Top 25 najczęściej odtwarzanych piosenek - Statystyki

Ogólne statystyki
  • Ten quiz został rozwiązany 65 razy
  • Średni wynik to 11 z 25
Statystyki odpowiedzi
Hint Odpowiedź % Poprawnych
Hugo Bucc 2 Kulig
78%
A nie mówiłem? Multisport
78%
Narkopop Trendsetter
76%
Radio Gruz Chaczapuri
73%
Lot022 Dr. Traphouse
73%
Cock.0z Mixtape Blueface
58%
A nie mówiłem? Red flag
58%
Radio Gruz Brunetki
56%
A nie mówiłem? Alejami gwiazd
49%
Narkopop All Day Everyday - Łee
49%
Narkopop Spodenki do ćpania
49%
A nie mówiłem? Kawałek nieba
44%
Digital Scale Music Zegar
44%
Digital Scale Music Nowe Szklane Domy
36%
B&B Warsaw Numer o spodenkach krótkich
36%
Singiel Sos, Ciuchy I Borciuchy
36%
Źródło Do Następnego
31%
Singiel Cały Czas
29%
Polska Gotówkowa Chanson De Geste
29%
B&B Warsaw Moonrock
27%
Cock.0z Mixtape Money Mitch
24%
Cock.0z Mixtape Szafa
24%
Chleb i miód Z Wami
20%
Digital Scale Music Za Linią
16%
Singiel Ratchet Business Class
2%
Nie znaleziono quizów pasujących do podanych kryteriów
Rozkład punktacji
Procent ludzi z każdym wynikiem
Percentyl według liczby udzielonych odpowiedzi
Twoja historia wyników
Nie rozwiązałeś tego quizu